00909nam a22002417a 45000010005000000030006000050050017000110080041000280200018000690400029000870500014001160820012001301000019001422450084001612600038002453000057002835050008003405200214003485210021005625210020005836500036006036500028006395481FISKH20241210135355.0241210b cb ||||| |||| 00| 0 eng d a9780545747240 aFISKHbengcFISKHdFISKH aQL696.C48 a598.072 aHoose, Phillip aMoonbird :b A Year on the wind with the Great Survivor B95 /cby Phillip Hoose aNew York : bScholastic ;c2012.  a148 pages : bcolor illustrations, maps ; c25 cm .  aZ  aDocuments the survival tale of an intrepid shorebird who has endured annual migrations between Argentina and the Canadian Arctic throughout the course of a long lifetime while his species continues to decline.8 a1150 bLexile 8 aZ bRaz-Plus  aendangered speciesvNon-fiction a migrationvNon-fiction